Detalles MARC
| 000 -LIDER |
| fixed length control field |
01201nam a2200361 a 4500 |
| 001 - NÚMERO DE CONTROL |
| Identificador de número de control |
|
| 003 - IDENTIFICACDOR DE NÚMERO DE CONTROL |
| control field |
DO-SdBNP |
| 005 - DATE AND TIME OF LATEST TRANSACTION |
| control field |
20240809104404.0 |
| 008 - ELEMENTOS DE LONGITUD FIJA |
| fixed length control field |
100824s2014 ch 000 0 spa d |
| 020 ## - ISBN |
| International Standard Book Number |
9789568209797 |
| 040 ## - FUENTE DE CATALOGACIÓN |
| Agencia que crea de manera original el registro |
DO-SdBNP |
| Idioma de catalogación |
spa |
| Agencia que realiza la transcripción |
BPMSU |
| 082 #4 - NÚMERO DE CLASIFICACIÓN DECIMAL DE DEWEY |
| Classification number |
Ch861.4 |
| Item number |
M678b 2014 |
| Edition number |
22 |
| 100 1# - ASIENTO PRINCIPAL -- NOMBRE PERSONAL |
| Nombre personal |
Mistral, Gabriela, |
| Fechas asociadas con el nombre |
1889-1957 |
| Mención de responsabilidad |
autora. |
| 245 10 - MENCIÓN DE TITULO |
| Título |
Blanca nieve en la casa de los enanos / |
| Mención de responsabilidad |
Gabriela Mistral ; ilustraciones de Carles Ballesteros |
| Subtítulo |
|
| 260 ## - PUBLICACIÓN, DISTRIBUCIÓN, ETC. (PIE DE IMPRENTA) |
| Lugar de publicación, distribución, etc |
Santiago, Chile : |
| Nombre del editor, distribuidor, etc. |
Editorial Amanuta, |
| Fecha de publicación, distribución, etc |
2014 |
| 300 ## - DESCRIPCIÓN FÍSICA |
| Extensión |
31 p. : |
| Otros detalles físicos |
ils. ; |
| Dimensiones |
27 cm. |
| 490 0# - MENCIÓN DE SERIES |
| Mención de serie |
Poesía ilustrada |
| 500 ## - NOTA GENERAL |
| Nota general |
Incluye datos biográficos de la autora<br/> |
| 500 ## - NOTA GENERAL |
| Nota general |
|
| 500 ## - NOTA GENERAL |
| Nota general |
|
| Enlace |
|
| 520 ## - RESUMEN, ETC. |
| Nota de resumen, etc. |
|
| 521 ## - TARGET AUDIENCE NOTE |
| Target audience note |
Recomendado para niños a partir de los 5 años de edad. |
| 586 ## - AWARDS NOTE |
| Awards note |
|
| 586 ## - AWARDS NOTE |
| Awards note |
|
| 590 ## - NOTA LOCAL |
| Texto de la nota local |
Inventariado, 2024/VM |
| 600 14 - ENCABEZAMIENTO DE MATERIA--NOMBRE PERSONAL |
| Nombre personal |
Grimm, Wilhelm Karl, |
| Fechas asociadas con el nombre |
1786-1859 |
| Subdivisión de forma |
Adaptaciones |
| Título de una obra |
|
| 650 #4 - ENCABEZAMIENTO DE MATERIA--TEMÁTICO |
| Término temático o nombre geográfico como elemento de entrada |
Literatura infantil chilena |
| Subdivisión cronológica |
|
| Subdivisión temática general |
|
| 650 #4 - ENCABEZAMIENTO DE MATERIA--TEMÁTICO |
| Término temático o nombre geográfico como elemento de entrada |
Cuentos infantiles populares |
| Subdivisión de forma |
Adaptaciones |
| 650 #4 - ENCABEZAMIENTO DE MATERIA--TEMÁTICO |
| Término temático o nombre geográfico como elemento de entrada |
Poesías infantiles chilenas |
| Subdivisión cronológica |
|
| Subdivisión de forma |
|
| 700 1# - ASIENTO SECUNDARIO -- NOMBRE PERSONAL |
| Nombre personal |
Ballesteros. Carles |
| Mención de responsabilidad |
ilustradora. |
| Fechas asociadas con el nombre |
|
| 910 ## - VALIDACIÓN |
| Validación |
VMateo V. Control de calidad. BPMSU |
| 942 ## - ADDED ENTRY ELEMENTS (KOHA) |
| Source of classification or shelving scheme |
Dewey Decimal Classification |
| Koha item type |
Libros |